LEADER 00981cam0 2200265 450 001 E600200056988 005 20201014092526.0 100 $a20091124d1980 |||||ita|0103 ba 101 $aita 102 $aIT 200 1 $aPolitica ed educazione nel personalismo di Mounier$esaggio critico con antologia del pensiero e della critica$fFranco V. Lombardi 210 $aMilano$cMassimo$d1980 215 $a287 p.$d20 cm 225 2 $aProblemi del nostro tempo$v48 410 1$1001LAEC00022368$12001 $a*Problemi del nostro tempo$v48 700 1$aLombardi$b, Franco V.$3A600200053470$4070$0159559 801 0$aIT$bUNISOB$c20201014$gRICA 850 $aUNISOB 852 $aUNISOB$j100$m41078 912 $aE600200056988 940 $aM 102 Monografia moderna SBN 941 $aM 957 $a100$b002997$gSi$d41078$racquisto$1massimo$2UNISOB$3UNISOB$420091124111404.0$520201014092513.0$6Alfano 996 $aPolitica ed educazione nel personalismo di Mounier$91600711 997 $aUNISOB